| Tag |
First Indicator |
Second Indicator |
Subfields |
| LEADER |
00000cam a2200000 a 4500 |
| 001 |
in00000049023 |
| 005 |
20151007075822.0 |
| 008 |
820111s1981 caua b 00010 eng |
| 010 |
|
|
|a 81040888
|
| 019 |
|
|
|a 7949971
|a 7955990
|
| 020 |
|
|
|a 0803917090 (pbk.) :
|c $4.00
|
| 035 |
|
|
|a (OCoLC)07919801
|
| 035 |
|
|
|9 AAF3860AM
|
| 040 |
|
|
|a DLC
|c DLC
|d TXA
|d UtOrBLW
|
| 049 |
|
|
|a TXAM
|c [1805682]
|
| 050 |
0 |
0 |
|a H62
|b .S7296
|
| 082 |
0 |
|
|a 300/.72
|2 19
|
| 090 |
|
|
|a HA29
|b .Q2 no. 23
|
| 100 |
1 |
|
|a Spector, Paul E.
|
| 245 |
1 |
0 |
|a Research designs /
|c Paul E. Spector.
|
| 264 |
|
1 |
|a Beverly Hills :
|b Sage Publications,
|c [1981]
|
| 264 |
|
3 |
|c 1982 printing
|
| 264 |
|
4 |
|c ©1981
|
| 300 |
|
|
|a 80 pages :
|b illustrations ;
|c 22 cm.
|
| 336 |
|
|
|a text
|b txt
|2 rdacontent
|
| 337 |
|
|
|a unmediated
|b n
|2 rdamedia
|
| 338 |
|
|
|a volume
|b nc
|2 rdacarrier
|
| 490 |
1 |
|
|a Sage university papers series. Quantitative applications in the social sciences ;
|v no. 23
|
| 504 |
|
|
|a Bibliography: pages 78-80.
|
| 650 |
|
0 |
|a Social sciences
|x Research.
|
| 830 |
|
0 |
|a Quantitative applications in the social sciences ;
|v no. 23.
|
| 999 |
|
|
|a MARS
|
| 999 |
f |
f |
|s 391f4b40-9435-30f3-85ef-f01b8cfbdc8e
|i 5d767689-bec7-3757-bab8-073682f0b7d3
|t 0
|
| 952 |
f |
f |
|p ric
|a Texas A&M University
|b Rellis Campus
|c Joint Library Facility
|d Remote Storage
|t 0
|e HA29 .Q2 no.23
|h Library of Congress classification
|i unmediated -- volume
|m A14805942296
|
| 952 |
f |
f |
|p ric
|a Texas A&M University
|b Rellis Campus
|c Joint Library Facility
|d Remote Storage
|t 0
|e HA29 .Q2 no.23
|h Library of Congress classification
|i unmediated -- volume
|m A14831285363
|
| 952 |
f |
f |
|p normal
|a Texas A&M University
|b College Station
|c Sterling C. Evans Library
|d Evans: Library Stacks
|t 0
|e HA29 .Q2 no.21-25
|h Library of Congress classification
|i unmediated -- volume
|m A14826352066
|
| 952 |
f |
f |
|a Texas A&M University
|b College Station
|c Sterling C. Evans Library
|d Evans: Library Stacks
|t 0
|e HA29 .Q2 no.21-25
|h Library of Congress classification
|
| 998 |
f |
f |
|a HA29 .Q2 no.23
|t 0
|l Remote Storage
|
| 998 |
f |
f |
|a HA29 .Q2 no.23
|t 0
|l Remote Storage
|
| 998 |
f |
f |
|a HA29 .Q2 no.21-25
|t 0
|l Evans: Library Stacks
|